[Event "ch-AUT"]
[Site "Linz AUT"]
[Date "2011.07.28"]
[Round "6"]
[White "Kummer,Hel"]
[Black "Platzgummer,F"]
[Result "1-0"]
[WhiteElo "2362"]
[BlackElo "2311"]

1.d4 d5 2.c4 c6 3.Nf3 Nf6 4.Nc3 dxc4 5.a4 Bf5 6.Ne5 e6 7.f3 Bb4 8.e4 Bxe4
9.fxe4 Nxe4 10.Bd2 Qxd4 11.Nxe4 Qxe4+ 12.Qe2 Bxd2+ 13.Kxd2 Qd5+ 14.Kc2 Na6
15.Nxc4 O-O 16.Qe5 Rab8 17.Re1 Nb4+ 18.Kb1 b5 19.Qxd5 exd5 20.Ne5 bxa4 21.Nd7 Rfe8
22.Be2 Rbd8 23.Bf3 Nd3 24.Rxe8+ Rxe8 25.Kc2 Ne5 26.Nxe5 Rxe5 27.Ra1 Kf8 28.Rxa4 Re7
29.Kc3 Rb7 30.Ra6 Rc7 31.Kd4 Rb7 32.Rxc6 Rxb2 33.Rc7 Rb4+ 34.Kxd5 Rb6 35.Rxa7 g6
36.Kd4 Kg7 37.Bd5 Rf6 38.Ke5 Rf5+ 39.Kd6 Rf6+ 40.Ke7 Rf5 41.Rd7 h5 42.Ke8 Re5+
43.Kd8 Rf5 44.Bb3 Rf2 45.Bd5 Rf5 46.Ke7 Re5+ 47.Kd6 Rf5 48.Rb7 Rf6+ 49.Kc5 Rf5
50.Rb3 Rf2 51.Rf3 Rc2+ 52.Kd6 f6 53.Rf4 Rd2 54.Ra4 Re2 55.Ra2 Re1 56.Be6 Kh6
57.Ke7 Kg5 58.Ra5+ f5 59.Kf7 Rc1 60.Kg7 Rc6 61.Bf7 h4 62.Ra3 Rb6 63.h3 Rc6
64.Re3 Kf4 65.Rf3+ Kg5 66.Rd3 Rb6 67.Rd8 Ra6 68.Re8 Kf4 69.Bxg6 Ra2 70.Kf6 Rxg2
71.Bxf5 Rf2 72.Re4+ Kg3 73.Kg5 Rf1 74.Rg4+  1-0

[Event "ch-AUT"]
[Site "Linz AUT"]
[Date "2011.07.28"]
[Round "6"]
[White "Menezes,Chr"]
[Black "Hartl,D"]
[Result "1-0"]
[WhiteElo "2200"]
[BlackElo "2295"]

1.d4 d5 2.c4 c6 3.Nf3 Nf6 4.Nc3 dxc4 5.a4 Bf5 6.Ne5 Nbd7 7.Nxc4 Qc7 8.g3 e5
9.dxe5 Nxe5 10.Bf4 Nfd7 11.Bg2 g5 12.Ne3 gxf4 13.Nxf5 O-O-O 14.Qc2 Kb8 15.O-O-O Ng4
16.Ne4 Qb6 17.gxf4 Nxf2 18.a5 Qb4 19.Nxf2 Qxf4+ 20.e3 Qg5 21.Rhg1 Rg8 22.Kb1 Bc5
23.a6 Bxe3 24.Nh3  1-0

[Event "ch-AUT"]
[Site "Linz AUT"]
[Date "2011.07.30"]
[Round "8"]
[White "Leitner,G"]
[Black "Wallner,J"]
[Result "0-1"]
[WhiteElo "2212"]
[BlackElo "2328"]

1.d4 d5 2.c4 c6 3.Nf3 Nf6 4.Nc3 dxc4 5.a4 Bf5 6.Ne5 Na6 7.f3 Nd7 8.Nxc4 e5
9.Nxe5 Nxe5 10.dxe5 Qxd1+ 11.Kxd1 O-O-O+ 12.Ke1 Nb4 13.Kf2 Bc5+ 14.Kg3 Nc2
15.Rb1 Ne3 16.Ra1 g5 17.h4 gxh4+ 18.Kf4 Nc2 19.Kxf5 Nxa1 20.Bg5 Rd4 21.e3 Rb4
22.Ne4 Bf8 23.Kf6 h6 24.Rxh4 Rh7 25.Kf5 Nc2 26.Bf4 Rxa4 27.Nf6 Rh8 28.g4 Bc5
29.Bd3 Bxe3 30.Ne4  0-1

[Event "ch-AUT"]
[Site "Linz AUT"]
[Date "2011.07.30"]
[Round "8"]
[White "Mayerhofer,P"]
[Black "Enzendorfer,A"]
[Result "1-0"]
[WhiteElo "2249"]
[BlackElo "2139"]

1.d4 d5 2.c4 c6 3.Nf3 Nf6 4.Nc3 dxc4 5.a4 Bf5 6.e3 e6 7.Bxc4 Bb4 8.O-O Nbd7
9.Qe2 O-O 10.e4 Bg6 11.Bd3 h6 12.Rd1 Re8 13.e5 Bxd3 14.Qxd3 Nh7 15.Be3 Nb6
16.a5 Nd5 17.a6 Rb8 18.Qc4 b5 19.Qb3 Bxc3 20.bxc3 Nb6 21.Nd2 Qd5 22.Rdb1 Nf8
23.Rc1 Nc4 24.Rcb1 Nd7 25.Qc2 Nxd2 26.Qxd2 Nb6 27.Qe2 Qe4 28.Kf1 Red8 29.Bc1 Qxe2+
30.Kxe2 Na4 31.Kd3 Rb6 32.Ba3 Rxa6 33.Bd6  1-0

[Event "ch-AUT"]
[Site "Linz AUT"]
[Date "2011.07.30"]
[Round "8"]
[White "Kummer,Hel"]
[Black "Schachinger,M"]
[Result "1/2-1/2"]
[WhiteElo "2362"]
[BlackElo "2360"]

1.d4 d5 2.c4 c6 3.Nf3 Nf6 4.Nc3 dxc4 5.a4 Bf5 6.e3 e6 7.Bxc4 Bb4 8.O-O Nbd7
9.Qe2 O-O 10.e4 Bg6 11.Bd3 h6 12.Rd1 Re8 13.e5 Bxd3 14.Qxd3 Nh7 15.Be3 Nb6
16.a5 Nd5 17.a6 Rb8 18.Qc4 b5 19.Qb3 Bxc3 20.bxc3 Nb6 21.Nd2 Qd5 22.Rdb1 Nf8
23.Rc1 Nc4 24.Rcb1 Nd7 25.Qc2 Nxd2 26.Qxd2 Nb6 27.Qe2 Qe4 28.Kf1 Red8 29.Bc1 Qxe2+
30.Kxe2 Na4 31.Kd3 Rb6 32.Ba3 Rxa6 33.Bd6 Nb2+ 34.Kc2 Rxa1 35.Rxa1 Nc4 36.Bc7 Ra8
37.Ra6 Kf8 38.Rxc6 Rc8 39.Bd6+ Nxd6 40.Rxd6 b4 41.c4 Rxc4+ 42.Kb3 Rc3+ 43.Kxb4 Rc2
44.Rd8+ Ke7 45.Ra8 Rxf2 46.Rxa7+ Ke8 47.Ra8+ Kd7 48.Ra7+ Ke8 49.Ra8+ Kd7
50.Ra7+ Ke8  1/2-1/2

[Event "2nd ch-Vojvodina"]
[Site "Novi Sad SRB"]
[Date "2011.07.30"]
[Round "9.12"]
[White "Pecurica,M"]
[Black "Stojkovic,Mir"]
[Result "0-1"]
[WhiteElo "2122"]
[BlackElo "2265"]

1.d4 d5 2.c4 c6 3.Nf3 Nf6 4.Nc3 dxc4 5.a4 Bf5 6.Ne5 e6 7.f3 Bb4 8.e4 Bxe4
9.fxe4 Nxe4 10.Bd2 Qxd4 11.Nxe4 Qxe4+ 12.Qe2 Bxd2+ 13.Kxd2 Qd5+ 14.Kc2 O-O
15.Nxc4 Rd8 16.a5 Qf5+ 17.Kc3 Na6 18.Qe5 Qf2 19.Qe3 Qf6+ 20.Qe5 Qe7 21.Be2 Rd5
22.Qe3 Qf6+ 23.Kc2 Nb4+ 24.Kb3 Rb5 25.Qf3 Qd4 26.Na3 Nd3+ 27.Nxb5 Qxb2+ 28.Kc4 cxb5+
29.Kxd3 Rd8+  0-1

[Event "98th ch-GBR"]
[Site "Sheffield ENG"]
[Date "2011.07.30"]
[Round "6.20"]
[White "Buckley,G"]
[Black "Jaunooby,A"]
[Result "1-0"]
[WhiteElo "2380"]
[BlackElo "2130"]

1.d4 d5 2.c4 c6 3.Nf3 Nf6 4.Nc3 dxc4 5.a4 Bf5 6.Ne5 Nbd7 7.Nxc4 Qc7 8.g3 e5
9.dxe5 Nxe5 10.Bf4 Rd8 11.Qc1 Nfd7 12.Bxe5 Nxe5 13.Qe3 f6 14.f4 b5 15.axb5 cxb5
16.fxe5 Qxc4 17.exf6+ Be6 18.Bh3 Rd6 19.O-O a6 20.Ne4 Rc6 21.Rac1 Qd5 22.Rxc6 Qxc6
23.fxg7 Bxg7 24.Ng5 Bxb2 25.Nxe6 Qd6 26.Qa7 Qe7 27.Qb8+ Kd7 28.Qc7+  1-0

[Event "Pays de Charleroi Open"]
[Site "Charleroi BEL"]
[Date "2011.08.01"]
[Round "3.1"]
[White "Uhoda,P"]
[Black "Vandevoort,P"]
[Result "0-1"]
[WhiteElo "2100"]
[BlackElo "2409"]

1.d4 d5 2.c4 c6 3.Nf3 Nf6 4.Nc3 dxc4 5.a4 Bf5 6.Ne5 Nbd7 7.Nxc4 Nb6 8.Ne5 a5
9.f3 g6 10.e4 Be6 11.Be3 Bg7 12.Qd2 O-O 13.g4 Ne8 14.Qf2 Nd6 15.d5 Nd7 16.Nd3 cxd5
17.exd5 Bxc3+ 18.bxc3 Bxd5 19.Bh6 Re8 20.Qd4 e5 21.Qxd5 Nb6 22.Qb3 e4 23.O-O-O exd3
24.Bxd3 Rc8 25.Bb5 Qf6 26.Rxd6 Qxd6 27.Bxe8 Rxe8 28.Rd1 Qc6 29.Rd4 Qxf3 30.Kb1 Qh1+
31.Kc2 Qxh2+ 32.Bd2 Qc7 33.Bf4 Qc6 34.Bd2 Nd7 35.Rc4 Nc5 36.Rxc5 Qxc5 37.Qxb7 Qc4
38.Qd7 Qe4+ 39.Kd1 Rb8 40.Qc7 Qxg4+  0-1

[Event "98th ch-GBR"]
[Site "Sheffield ENG"]
[Date "2011.08.01"]
[Round "7.31"]
[White "Walton,A"]
[Black "Yap,J"]
[Result "1-0"]
[WhiteElo "2172"]
[BlackElo "2029"]

1.d4 d5 2.c4 c6 3.Nf3 Nf6 4.Nc3 dxc4 5.a4 Bf5 6.Ne5 Nbd7 7.Nxc4 Nb6 8.e3 e6
9.Be2 Nxc4 10.Bxc4 Bd6 11.h3 Qc7 12.Qe2 Bg6 13.Bd2 O-O 14.O-O e5 15.dxe5 Bxe5
16.f4 Bxc3 17.Bxc3 Ne4 18.f5 Ng3 19.Qg4 Nxf1 20.Rxf1 Kh8 21.Qd4 f6 22.fxg6 Qe7
23.Bf7 h6 24.Rxf6 Rad8 25.Rd6  1-0

[Event "98th ch-GBR"]
[Site "Sheffield ENG"]
[Date "2011.08.02"]
[Round "8.7"]
[White "Williams,Si1"]
[Black "Ledger,A"]
[Result "1/2-1/2"]
[WhiteElo "2528"]
[BlackElo "2435"]

1.d4 d5 2.c4 c6 3.Nc3 Nf6 4.Nf3 dxc4 5.a4 Bf5 6.Ne5 Nbd7 7.Nxc4 Nb6 8.Ne5 a5
9.f3 Nfd7 10.Nxd7 Nxd7 11.e4 Bg6 12.Be3 Qb6 13.Qd2 e5 14.O-O-O O-O-O 15.Kb1 f6
16.Bc4 exd4 17.Bxd4 Bc5 18.Qe3 Rhe8 19.h4 Bxd4 20.Rxd4 Ne5 21.Rxd8+ Qxd8
22.Bb3 Kb8 23.h5 Bf7 24.Bxf7 Nxf7 25.Rd1 Qc7 26.Kc2 Rd8 27.Rxd8+ Qxd8 28.f4 b6
29.e5 Kc7 30.e6 Nd6 31.g4 g6 32.hxg6 hxg6 33.e7 Qg8 34.b3 Qf7 35.Ne2 c5 36.Nc3 Kd7
37.Qe2 f5 38.Qa6 fxg4 39.Qxb6 Qf5+ 40.Kb2 Kxe7 41.Qxa5 Ke6 42.Qa8 Qd3 43.Qg2 g3
44.a5 Qe3 45.Qd5+ Kd7 46.a6 Qf2+ 47.Ka3 Qf1 48.Qxc5 Qxa6+ 49.Kb2 g2 50.Qe3 Qf1
51.Qa7+ Ke6 52.Qe3+ Kf7 53.Nd5 Ne4 54.Qa7+ Ke6 55.Qe7+ Kxd5 56.Qe5+ Kc6 57.Qxe4+ Kd7  1/2-1/2

[Event "112th US Open"]
[Site "Orlando USA"]
[Date "2011.08.03"]
[Round "3"]
[White "Kaufman,La"]
[Black "Sundararajan,K"]
[Result "1/2-1/2"]
[WhiteElo "2406"]
[BlackElo "2491"]

1.d4 d5 2.c4 c6 3.Nf3 Nf6 4.Nc3 dxc4 5.a4 Bf5 6.Ne5 Nbd7 7.Nxc4 Nb6 8.Ne5 a5
9.g3 e6 10.Bg2 Bb4 11.O-O O-O 12.e3 h6 13.Qe2 Bh7 14.Rd1 Qe7 15.e4 Rfd8 16.Bf4 Nfd7
17.Nd3 Bd6 18.Bxd6 Qxd6 19.Ne1 e5 20.dxe5 Qxe5 21.Nd3 Qe7 22.f4 Nc5 23.Nxc5 Qxc5+
24.Qf2 Qxf2+ 25.Kxf2 Kf8 26.Bf1 f6 27.Bd3 Bg8 28.Bc2 Ke7 29.b3 Nd7 30.Ne2 Nc5
31.Nd4 Bh7 32.Ke3 Kf7 33.f5 Ke7 34.Rd2 Bg8 35.Rad1 Na6 36.Rg1 Nb4 37.Bd1 Rd7
38.Nf3 Rad8 39.Rxd7+ Rxd7 40.Nd2 Rd3+ 41.Ke2 Kd6 42.Rf1 Ke5 43.Rf4 Bf7 44.Rh4 Kd4
45.e5+ Kxe5 46.Nf3+ Rxf3 47.Kxf3 Kxf5 48.Ke3 Ke5 49.Re4+ Kd6 50.Kd2 f5 51.Re1 g5
52.h4 g4 53.Rf1 Ke5 54.Bxg4 Bxb3 55.Rxf5+ Ke4 56.Rxa5 Nd5 57.Ra7 b6 58.a5 bxa5
59.Rxa5 Nf6 60.Be2 Bd5 61.Ra8 Kd4  1/2-1/2

[Event "112th US Open"]
[Site "Orlando USA"]
[Date "2011.08.05"]
[Round "4"]
[White "Hansen,LB"]
[Black "Bartholomew,J"]
[Result "1-0"]
[WhiteElo "2578"]
[BlackElo "2442"]

1.Nf3 d5 2.d4 Nf6 3.c4 c6 4.Nc3 dxc4 5.a4 Bf5 6.e3 e6 7.Bxc4 Bb4 8.O-O O-O
9.Qe2 Bg4 10.Rd1 Qa5 11.e4 Qh5 12.h3 Bxf3 13.Qxf3 Qxf3 14.gxf3 Nbd7 15.Be3 Rfd8
16.Na2 Be7 17.Nc1 c5 18.Nb3 cxd4 19.Rxd4 Ne5 20.Be2 Nc6 21.Rxd8+ Rxd8 22.Rc1 Nd7
23.Kg2 Bf6 24.Bb5 Ndb8 25.Nc5 a6 26.Bxc6 bxc6 27.b4 g5 28.f4 h6 29.Kf3 gxf4
30.Bxf4 Bg5 31.Rg1 Kh7 32.Bc7 Rc8 33.Be5 f6 34.Bxb8 Rxb8 35.Nxa6 Rb6 36.Nc5 Rxb4
37.Ra1 f5 38.e5 Rf4+ 39.Kg2 Rc4 40.a5 Rc2 41.a6 Be3 42.a7 Rxf2+ 43.Kh1  1-0

[Event "7th Gazi-Heraklion Open"]
[Site "Heraklion GER"]
[Date "2011.08.08"]
[Round "4"]
[White "Ris,R"]
[Black "Spirou,E"]
[Result "1-0"]
[WhiteElo "2395"]
[BlackElo "1653"]

1.d4 d5 2.c4 c6 3.Nf3 Nf6 4.Nc3 dxc4 5.a4 Bf5 6.Nh4 e6 7.Nxf5 exf5 8.e3 g6
9.Bxc4 Bg7 10.O-O O-O 11.f3 Nbd7 12.e4 Qa5 13.Bd2 c5 14.e5 Nh5 15.f4 cxd4
16.Nb5 Qd8 17.Be2 a6 18.Na3 Nxf4 19.Bxf4 Nxe5 20.Nc4 Nxc4 21.Bxc4 Rc8 22.Qb3 Qd7
23.Rae1 Rfe8 24.a5 Re4 25.Bd5 Rxe1 26.Rxe1 Rd8 27.Bg5 Re8 28.Bxf7+ Qxf7 29.Rxe8+  1-0

[Event "8th Ostroda Open"]
[Site "Ostroda POL"]
[Date "2011.08.08"]
[Round "5.4"]
[White "Budrewicz,K"]
[Black "Tvarijonas,T"]
[Result "1-0"]
[WhiteElo "2194"]
[BlackElo "1992"]

1.d4 d5 2.Nf3 Nf6 3.c4 c6 4.Nc3 dxc4 5.a4 Bf5 6.e3 e6 7.Bxc4 Nbd7 8.O-O Bb4
9.Qe2 Bg6 10.Rd1 O-O 11.Ne5 Bh5 12.g4 Bg6 13.h4 Qe7 14.h5 Nxe5 15.dxe5 Nxh5
16.e4 Qh4 17.Kg2 Nf6 18.exf6 Qxf6 19.e5 Qe7 20.Ne4 b5 21.axb5 cxb5 22.Bxb5 Qb7
23.f3 Bxe4 24.fxe4 f5 25.gxf5 Rab8 26.Bc4 Kh8 27.Bxe6 Rbd8 28.Bg5  1-0

[Event "Arad Open A"]
[Site "Arad ROU"]
[Date "2011.08.09"]
[Round "7.10"]
[White "Balla,Ta"]
[Black "Irodenka,R"]
[Result "1-0"]
[WhiteElo "2406"]
[BlackElo "2157"]

1.d4 Nf6 2.c4 c6 3.Nc3 d5 4.Nf3 dxc4 5.a4 Bf5 6.Ne5 e6 7.f3 Bb4 8.e4 Bg6
9.Nxc4 a5 10.Be3 Nbd7 11.Be2 O-O 12.O-O Re8 13.Qb3 Qc7 14.Rac1 h6 15.e5 Nd5
16.Nxd5 exd5 17.Na3 Qb6 18.f4 Bd2 19.Rc3 Bxc3 20.Qxc3 Be4 21.f5 Qb4 22.Qc1 f6
23.e6 Nf8 24.Nb1 Bxb1 25.Qxb1 Nxe6 26.fxe6 Rxe6 27.Rf3 Rae8 28.Kf2 Qxa4 29.Qg6 R8e7
30.Qd3 Re4 31.Qc3 Qa1 32.Bd3 Rxe3 33.Rxe3 Rxe3 34.Kxe3 Qg1+ 35.Kf3 Qxh2 36.Qxa5 Qh5+
37.Kf2 Qh4+ 38.Ke2 Qg4+ 39.Ke1 Qg3+ 40.Kd2 Qf2+ 41.Kc1 Qe3+ 42.Kc2 Qe7 43.Bg6 Qf8
44.Qc7 Qa8 45.Kc3 Kh8 46.Kb4 Qf8+ 47.Ka5 Qa8+ 48.Kb6 Qa6+ 49.Kc5 Qa8 50.Kd6 c5
51.Kxc5 f5 52.Kxd5 b6+ 53.Kd6  1-0

[Event "20th ZMDI Open A"]
[Site "Dresden GER"]
[Date "2011.08.09"]
[Round "4.24"]
[White "Wichmann,C"]
[Black "Krauseneck,P"]
[Result "1/2-1/2"]
[WhiteElo "2360"]
[BlackElo "2230"]

1.d4 d5 2.c4 c6 3.Nc3 Nf6 4.Nf3 dxc4 5.a4 Bf5 6.Ne5 e6 7.f3 Bb4 8.e4 Bxe4
9.fxe4 Nxe4 10.Bd2 Qxd4 11.Nxe4 Qxe4+ 12.Qe2 Bxd2+ 13.Kxd2 Qd4+ 14.Kc2 Na6
15.Rd1 Nb4+ 16.Kb1 Nd3 17.Nxd3 cxd3 18.Rxd3 Qxa4 19.Qe5 O-O 20.Rd4 Qb3 21.Bc4 Qb6
22.Rg4 g6 23.Rf1 Qd8 24.h4 b5 25.Rd4  1/2-1/2

[Event "e2e4 Int Masters D"]
[Site "Sunningdale ENG"]
[Date "2011.08.10"]
[Round "1"]
[White "Lalic,B"]
[Black "Straka,Jos"]
[Result "1-0"]
[WhiteElo "2470"]
[BlackElo "2305"]

1.d4 d5 2.c4 c6 3.Nf3 Nf6 4.Nc3 dxc4 5.a4 Bf5 6.e3 e6 7.Bxc4 Bb4 8.O-O O-O
9.Qe2 Nbd7 10.e4 Bg6 11.Bd3 c5 12.Na2 Ba5 13.Bg5 Bc7 14.Rfd1 Qb8 15.Bxf6 Nxf6
16.dxc5 Nd7 17.b4 a5 18.Bc2 Ne5 19.h3 Nxf3+ 20.Qxf3 axb4 21.Nxb4 Ra5 22.Rab1 Qa8
23.Qe3 Qa7 24.Nd3 Bd8 25.Rb5 Rxb5 26.axb5 Be7 27.Qd4 Rd8 28.Qc4 h6 29.c6 bxc6
30.bxc6 Bh4 31.Rb1 Rc8 32.Rb7 Qa1+ 33.Kh2 Qf1 34.Rb1 Qe2 35.c7 Bxf2 36.Rb8 Bxe4
37.Rxc8+ Kh7 38.Qxe4+ Qxe4 39.Nb4  1-0

[Event "Stilwerk Masters"]
[Site "Vienna AUT"]
[Date "2011.08.10"]
[Round "8"]
[White "Menezes,Chr"]
[Black "Alvir,A"]
[Result "0-1"]
[WhiteElo "2200"]
[BlackElo "2359"]

1.Nf3 d5 2.d4 c6 3.c4 Nf6 4.Nc3 dxc4 5.a4 Bf5 6.Ne5 Nbd7 7.Nxc4 Qc7 8.g3 e5
9.dxe5 Nxe5 10.Bf4 Nfd7 11.Bg2 f6 12.O-O Nc5 13.Ne3 Bg6 14.b4 Ne6 15.b5 Rd8
16.Qc1 Nd4 17.bxc6 bxc6 18.Rd1 Bc5 19.Ra2 O-O 20.Ncd5 cxd5 21.Rxd4 Qa5 22.Qd2 Qxd2
23.Rdxd2 d4 24.Nd5 Rb8 25.h3 Rb1+ 26.Kh2 Rfb8 27.Nc7 Bb6 28.Nd5 Bc5 29.Nc7 Rc8
30.Bd5+ Bf7 31.Bxf7+ Kxf7 32.Nb5 Rd8 33.Rac2 Bb6 34.Bxe5 fxe5 35.Nxa7 Ra8
36.Nc6 Ke6 37.Rb2 Rxb2 38.Rxb2 Bc7 39.Rb7 Bd6 40.Rxg7 Rxa4 41.Kg2 Ra2 42.Kf3 Kd5
43.Ne7+ Ke6 44.Nc8 Bc5 45.Rc7 Rc2 46.Na7 h5 47.g4 h4 48.g5 Kf5 49.Rf7+ Kxg5
50.Nc6 d3 51.Nxe5 dxe2 52.Kg2 Rc3 53.f4+ Kh6 54.Ng4+ Kh5 55.Rf5+ Kg6 56.Rf6+ Kh7
57.Rh6+ Kg8 58.Rg6+ Kf8 59.Rf6+ Ke7  0-1

[Event "50th World Juniors"]
[Site "Chennai IND"]
[Date "2011.08.11"]
[Round "9.21"]
[White "Rajesh,VA"]
[Black "Cori,J"]
[Result "1-0"]
[WhiteElo "2292"]
[BlackElo "2514"]

1.d4 d5 2.c4 c6 3.Nf3 Nf6 4.Nc3 dxc4 5.a4 Bf5 6.e3 e6 7.Bxc4 Bb4 8.O-O Nbd7
9.Qe2 Bg6 10.e4 O-O 11.Bd3 Bh5 12.e5 Nd5 13.Nxd5 cxd5 14.Qe3 Be7 15.Ng5 h6
16.Nh3 Rc8 17.Nf4 Bg5 18.Qg3 Bxf4 19.Bxf4 g5 20.h4 Bg6 21.hxg5 h5 22.Bd2 Nb8
23.Qh3 Qd7 24.Bc3 Nc6 25.Be2 Kg7 26.g4 Qe7 27.f4 h4 28.f5 Qxg5 29.fxg6 fxg6
30.Rxf8 Rxf8 31.Rf1 Rf4 32.Rxf4 Qxf4 33.Qxh4 Qc1+ 34.Bf1 Qf4 35.Qf6+ Qxf6
36.exf6+ Kxf6 37.Kf2 a6 38.Kf3 g5 39.Bd3 Nb8 40.b4 b6 41.Ke3 Ke7 42.Be1 Kf7
43.Bg3 Nc6 44.b5 axb5 45.axb5 Ne7 46.Bc7 Nc8 47.Bd8  1-0

[Event "50th World Juniors"]
[Site "Chennai IND"]
[Date "2011.08.11"]
[Round "9.35"]
[White "Sochacki,W"]
[Black "Abhishek,K"]
[Result "0-1"]
[WhiteElo "2316"]
[BlackElo "2197"]

1.d4 d5 2.c4 c6 3.Nf3 Nf6 4.Nc3 dxc4 5.a4 Bf5 6.Nh4 Bc8 7.e3 e6 8.Bxc4 c5
9.Nf3 Nc6 10.O-O cxd4 11.exd4 Be7 12.Be3 O-O 13.Ne5 Nb4 14.a5 Nbd5 15.Qb3 a6
16.Bg5 Qd6 17.Rfe1 Rd8 18.Re2 b5 19.Bxd5 exd5 20.Bf4 Bf8 21.Nxf7 Qxf4 22.Nxd8 Qd6
23.Re5 Qxd8 24.Nxd5 Kh8 25.Nb6 Rb8 26.Rae1 Bg4 27.h3 Bh5 28.Qc3 Bd6 29.R5e3 Bf4
30.Re7 Bg6 31.Ra7 Bd6 32.Qc6 Bb4 33.Re6 Qxd4 34.Ra8 Rxa8 35.Qxa8+ Ng8 36.Nd5 Be4
37.Qd8 Bxd5 38.Re8 Bc5 39.Kh2 Qf4+ 40.Kh1 Bxg2+  0-1

[Event "7th Gazi-Heraklion Open"]
[Site "Heraklion GER"]
[Date "2011.08.11"]
[Round "7"]
[White "Anagnostopoulos,Konstantinos"]
[Black "Papadakis,M"]
[Result "0-1"]
[WhiteElo "2038"]
[BlackElo "2240"]

1.d4 d5 2.Nf3 Nf6 3.c4 c6 4.Nc3 dxc4 5.a4 Bf5 6.Nh4 e6 7.Nxf5 exf5 8.e3 Bb4
9.Bxc4 O-O 10.O-O Nbd7 11.Qc2 g6 12.f3 Qb6 13.Kh1 Rae8 14.Qf2 Re7 15.Qh4 Rfe8
16.Bd2 c5 17.Ba2 Kg7 18.Rad1 Nf8 19.d5 Bxc3 20.bxc3 Qb2 21.Bc4 N8d7 22.e4 fxe4
23.Qh6+ Kg8 24.d6 Re5 25.fxe4 Rh5 26.Qf4 Rxe4 27.Bxf7+ Kg7 28.Qf3 Rf5 29.Qd3 Ne5
30.d7 Nxd3 31.d8=Q Qxd2 32.Bd5 Nf2+ 33.Kg1 Nxd1  0-1

[Event "e2e4 Int Masters D"]
[Site "Sunningdale ENG"]
[Date "2011.08.11"]
[Round "2"]
[White "White,Mi"]
[Black "Sturt,R"]
[Result "0-1"]
[WhiteElo "2241"]
[BlackElo "2231"]

1.d4 d5 2.c4 c6 3.Nf3 Nf6 4.Nc3 dxc4 5.a4 Bf5 6.Ne5 Nbd7 7.Nxc4 Nb6 8.Ne5 a5
9.f3 Nfd7 10.Nxd7 Nxd7 11.e4 Bg6 12.Be3 Qb6 13.Qd2 e5 14.Rd1 O-O-O 15.d5 Bc5
16.Kf2 f5 17.Bd3 f4 18.Bxc5 Nxc5 19.Kf1 cxd5 20.Qc2 dxe4 21.fxe4 Kb8 22.Nd5 Rxd5  0-1

[Event "e2e4 Int Masters D"]
[Site "Sunningdale ENG"]
[Date "2011.08.13"]
[Round "6"]
[White "Lock,G"]
[Black "Sturt,R"]
[Result "0-1"]
[WhiteElo "2194"]
[BlackElo "2231"]

1.d4 d5 2.Nf3 Nf6 3.c4 c6 4.Nc3 dxc4 5.a4 Bf5 6.Ne5 Nbd7 7.Nxc4 Nb6 8.Ne5 a5
9.g3 e6 10.Bg2 Bb4 11.O-O O-O 12.e3 h6 13.Qe2 Nbd7 14.Nxd7 Nxd7 15.e4 Bg6
16.Rd1 Qe7 17.Be3 f6 18.f4 e5 19.Qg4 Be8 20.Kh1 Rd8 21.dxe5 fxe5 22.f5 Nf6
23.Qe2 Bh5 24.Bf3 Bxf3+ 25.Qxf3 Bc5 26.h3 Bxe3 27.Qxe3 Qb4 28.Rxd8 Rxd8 29.Qe2 Rd4
30.Re1 Qd6 31.g4 Rd2 32.Qc4+ Kh7 33.Re2 Qd3 34.Qxd3 Rxd3 35.Kg2 g5 36.fxg6+ Kxg6
37.Rf2 h5 38.g5 Kxg5 39.Rf5+ Kg6 40.Rxe5 Rd2+ 41.Kg3 Rxb2 42.Kh4 Rb4 43.Rg5+ Kh6
44.Rxa5 Rc4 45.Nd1 Rxe4+ 46.Kg3 Nd5 47.Ra7 h4+ 48.Kf3 Rf4+ 49.Ke2 Rb4 50.a5 Nc7
51.Nf2 Kg5 52.Kf3 Kf5 53.Ng4 Ke6 54.Ne3 Kd7 55.Nf5 Kc8 56.a6 bxa6 57.Ne7+ Kd7
58.Ng6 Rb6 59.Nxh4 Kc8 60.Nf5 Kb8 61.Rxc7 Kxc7 62.h4 a5  0-1

[Event "e2e4 Int Masters A"]
[Site "Sunningdale ENG"]
[Date "2011.08.13"]
[Round "7"]
[White "Ubilava,E"]
[Black "Ducarmon,Q"]
[Result "1-0"]
[WhiteElo "2533"]
[BlackElo "2352"]

1.Nf3 d5 2.d4 Nf6 3.c4 c6 4.Nc3 dxc4 5.a4 Bf5 6.e3 e6 7.Bxc4 Bb4 8.O-O Nbd7
9.Qe2 O-O 10.e4 Bg6 11.Bd3 Bh5 12.e5 Nd5 13.Nxd5 cxd5 14.Qe3 Bg6 15.Bxg6 fxg6
16.Ng5 Re8 17.Qd3 Nf8 18.Be3 Qb6 19.Rfc1 Rec8 20.Nh3 Rc6 21.Nf4 Rac8 22.Ne2 Rc4
23.b3 Rxc1+ 24.Rxc1 Rc6 25.Rxc6 Qxc6 26.g4 Qc8 27.f4 a6 28.Kg2 Be7 29.Bd2 Nd7
30.f5 gxf5 31.gxf5 Nf8 32.Nf4 exf5 33.Nxd5 Bd8 34.Ne3 f4 35.Qc4+ Qxc4 36.Nxc4 Ne6
37.d5 Nc5 38.e6 b5 39.axb5 axb5 40.Ne5  1-0

[Event "10th Lichtenberger Sommer"]
[Site "Berlin GER"]
[Date "2011.08.14"]
[Round "2.25"]
[White "Dimitrijeski,K"]
[Black "Schmidt,Juerg"]
[Result "1-0"]
[WhiteElo "2198"]
[BlackElo "2024"]

1.d4 d5 2.c4 c6 3.Nf3 Nf6 4.Nc3 dxc4 5.a4 Bf5 6.e3 e6 7.Bxc4 Bd6 8.O-O O-O
9.Qe2 Ne4 10.Bd3 Nxc3 11.bxc3 Bxd3 12.Qxd3 Nd7 13.e4 Be7 14.Bf4 g5 15.Be3 g4
16.Nd2 f5 17.f4 Rf6 18.Qc4 Qe8 19.exf5 Nb6 20.Qb3 Nd5 21.c4 Nxe3 22.Qxe3 exf5
23.Rfe1 Kf8 24.Rab1 Bd6 25.Qf2 Qd7 26.c5 Be7 27.Re5 Rd8 28.Nb3 Rf7 29.Rd1 Bf6
30.Re3 Qc7 31.Re6 Re8 32.Rde1 Rxe6 33.Rxe6 Qd7 34.Rd6 Qe8 35.Nd2 Be7 36.Re6 Qd7
37.Qe3 Rf6 38.Re5 Rf7 39.Nb3 Bf6 40.Re6 Kg7 41.Rd6 Qe7 42.Kf2 Qf8 43.Qe6 Re7
44.Rd7 Rxd7 45.Qxd7+ Kg6 46.Qxb7 Qg8 47.Qb4 Qd5 48.Qc3 Qe4 49.Qd2 Bh4+ 50.Kf1 g3
51.h3 Bf6 52.d5 cxd5 53.Na5 Qb1+ 54.Ke2 Qg1 55.Kf3 Qxc5 56.Kxg3 Bc3 57.Nb3 Qb4
58.Qxd5 Be1+ 59.Kf3 Qc3+ 60.Ke2 Bh4 61.Nd4 Qb2+ 62.Kd3 Qa3+ 63.Qb3 Qc5 64.Qg8+ Kh6
65.Qe6+  1-0

[Event "Stare Mesto FIDE Open"]
[Site "Stare Mesto CZE"]
[Date "2011.08.14"]
[Round "4.11"]
[White "Plischki,S"]
[Black "Cajka,T"]
[Result "1/2-1/2"]
[WhiteElo "2333"]
[BlackElo "2146"]

1.Nf3 d5 2.d4 c6 3.c4 Nf6 4.Nc3 dxc4 5.a4 Bf5 6.Ne5 e6 7.f3 c5 8.e4 Bg6 9.Be3 cxd4
10.Qxd4 Qxd4 11.Bxd4 Nc6 12.Nxc6 bxc6 13.a5 Nd7 14.Bxc4 e5 15.Be3 f6 16.Ke2 Bf7
17.Bxf7+ Kxf7 18.Rhc1 Nc5 19.Bxc5 Bxc5 20.Nb5 cxb5 21.Rxc5 a6 22.Rc7+ Kg6
23.Rd1 Rhd8 24.Rdd7 Rxd7 25.Rxd7 Rc8 26.Kd2 b4  1/2-1/2

[Event "86th ch-FRA"]
[Site "Caen FRA"]
[Date "2011.08.15"]
[Round "2"]
[White "Feller,S"]
[Black "Dorfman,I"]
[Result "1/2-1/2"]
[WhiteElo "2666"]
[BlackElo "2578"]

1.d4 Nf6 2.c4 c6 3.Nc3 d5 4.Nf3 dxc4 5.a4 Bf5 6.Nh4 Bg4 7.h3 Bh5 8.g4 Bg6
9.Nxg6 hxg6 10.e4 e5 11.Bxc4 exd4 12.e5 Bb4 13.exf6 dxc3 14.Qe2+ Kf8 15.O-O Qxf6
16.Kg2 c2 17.Bd2 Na6 18.Bxa6 Bxd2 19.Qxd2 bxa6 20.Qxc2 Rxh3 21.Kxh3 Qf3+
22.Kh2 Qf4+ 23.Kh3  1/2-1/2

[Event "ch-FRA National B"]
[Site "Caen FRA"]
[Date "2011.08.16"]
[Round "2"]
[White "Cossin,S"]
[Black "Abergel,T"]
[Result "1-0"]
[WhiteElo "2502"]
[BlackElo "2504"]

1.d4 d5 2.Nf3 Nf6 3.c4 dxc4 4.Nc3 c6 5.a4 Bf5 6.Nh4 Be6 7.e4 g6 8.Be2 Bg7
9.O-O O-O 10.f4 Nxe4 11.Nxe4 Qxd4+ 12.Qxd4 Bxd4+ 13.Kh1 Bd5 14.Nf3 Bg7 15.Nc3 Nd7
16.Rd1 Bxc3 17.bxc3 Nc5 18.Be3 Ne4 19.Ra3 b6 20.a5 b5 21.a6 Rfd8 22.Nd4 Rd7
23.Bf3 Nxc3 24.Rxc3 Bxf3 25.gxf3 c5 26.Rd2 cxd4 27.Rxd4 Rc7 28.Rc1 Rc6 29.Ra1 b4
30.Rd7 b3 31.Rb7 Rd8 32.Kg2 Rdd6 33.Rxa7 b2 34.Rb1 Rd3 35.Ra8+ Kg7 36.a7 Ra6
37.Kf2 c3 38.Rc8 Rxe3 39.Kxe3 Ra1 40.a8=Q Rxb1 41.Rg8+  1-0

[Event "26th Universiade Men"]
[Site "Shenzhen CHN"]
[Date "2011.08.16"]
[Round "3.31"]
[White "Goh Koon Jong,J"]
[Black "Wageih,K"]
[Result "1/2-1/2"]
[WhiteElo "2415"]
[BlackElo "2303"]

1.d4 d5 2.c4 c6 3.Nf3 Nf6 4.Nc3 dxc4 5.a4 Bf5 6.Ne5 e6 7.f3 Bb4 8.g4 Nd5
9.Qd2 Qh4+ 10.Kd1 Bg6 11.e4 Nf6 12.Bxc4 O-O 13.Nd3 a5 14.Qe3 c5 15.dxc5 Nfd7
16.Na2 Nc6 17.Bb5 Nde5 18.Naxb4 axb4 19.Nxe5 Nxe5 20.Bd2 Qf6 21.Ke2 Rfd8
22.Rad1 Nc6 23.Bxc6 bxc6 24.b3 Rab8 25.Bc1 Qe5 26.Qg5 Qxg5 27.Bxg5 f6 28.Rxd8+ Rxd8
29.Bd2 e5 30.Ke3 Bf7 31.Rb1 Kf8 32.a5 Rb8 33.Kd3 Ke8 34.a6 Ra8 35.Ra1 Bxb3
36.Bxb4 Be6 37.Be1 Bc8 38.a7 Kd7 39.Bg3 g5 40.h4 h6 41.hxg5 hxg5 42.Rh1 Ke6
43.Ra1 Kd7 44.Be1 Ke6 45.Kc4 Kd7 46.Rd1+ Ke7 47.Ra1 Kd7 48.Bb4 Ke6 49.Kc3 Kd7
50.Kc2 Ke6 51.Kc3 Kd7 52.Kb2 Ke6 53.Kc1 Kd7 54.Kd2 Ke6 55.Ke3 Kd7 56.Kf2 Ke6
57.Kg3 Kf7 58.Rh1 Kg7 59.Ra1 Kf7 60.Kf2 Ke6 61.Bc3 Kf7 62.Ke3 Ke6 63.Kd2 Kf7
64.Kc2 Ke6 65.Bb4 Kf7 66.Kc3 Ke6 67.Rd1 Bd7 68.Ra1 Bc8 69.Kc4 Kf7 70.Kc3  1/2-1/2

[Event "10th Lichtenberger Sommer"]
[Site "Berlin GER"]
[Date "2011.08.18"]
[Round "6.32"]
[White "Hein,E"]
[Black "Schmidt,Juerg"]
[Result "1/2-1/2"]
[WhiteElo "2145"]
[BlackElo "2024"]

1.d4 d5 2.Nf3 Nf6 3.c4 c6 4.Nc3 dxc4 5.a4 Bf5 6.e3 e6 7.Bxc4 Nbd7 8.O-O a5
9.Re1 Bb4 10.Bd3 Bg4 11.h3 Bh5 12.e4 e5 13.g4 Bg6 14.dxe5 Ng8 15.Bf4 Qb6
16.Qc2 h5 17.g5 O-O-O 18.h4 Nc5 19.Bc4 Qc7 20.Bf1 Ne6 21.Bg3 Ne7 22.Rac1 Kb8
23.Bh3 Qb6 24.Red1 Ka8 25.Qb3 Nc5  1/2-1/2

[Event "26th Universiade Men"]
[Site "Shenzhen CHN"]
[Date "2011.08.18"]
[Round "5"]
[White "Li Chao2"]
[Black "Andriasian,Z"]
[Result "1-0"]
[WhiteElo "2669"]
[BlackElo "2616"]

1.d4 d5 2.c4 c6 3.Nf3 Nf6 4.Nc3 dxc4 5.a4 Bf5 6.e3 e6 7.Bxc4 Bb4 8.O-O O-O
9.Qe2 Bg6 10.Ne5 Nbd7 11.Nxg6 hxg6 12.Rd1 Qe7 13.e4 e5 14.d5 Rfd8 15.Bg5 Nb6
16.Bb3 a5 17.Rd3 Bxc3 18.bxc3 cxd5 19.exd5 Qd6 20.Rad1 Rac8 21.Rh3 Re8 22.Bxf6 gxf6
23.Qe3 Kf8 24.Rh7 Ke7 25.Bc2 Rg8 26.Rb1 Nxd5 27.Qd2 Rc7 28.c4 Rxc4 29.Rxb7+ Ke6
30.Bb3 Rd4 31.Bc2 Rc4 32.Bb3 Rd4 33.Qc2 Rf8 34.g3 f5 35.Rc7 Qb4  1-0